000 00884na a2200289 4500
001 13033
003 MIRAKIL
005 20181213155006.0
008 160930b tu 000 0
020 _a9755080309
035 _a13033
040 _aMilas
_btur
_cTR-AnCHP
041 _atur
082 _a305.891590561
_bÖ93d 1990
090 _a305.89159 Ö93d 1990
100 _aÖzer, Ahmet
245 _aDoğu Anadolu'da aşiret düzeni
_cAhmet Özer
246 _aDoğu Anadoluda aşiret düzeni
260 _aİstanbul
_bBoyut
_c1990
300 _a143 s.
_c19 sm.
504 _aKaynakça var.
650 _aKültürel etnoloji
_xKürtler
_zTürkiye
650 _aKürtler
_xSosyal yaşam ve gelenekler
_zTürkiye
_zDoğu Anadolu Bölgesi
650 _aAşiretler
_zTürkiye
651 _aTürkiye
_xEtnik gruplar
_yKürt aileler
_zDoğu Anadolu Bölgesi
942 _2dcc
_cBKS
999 _c4466
_d4466